| 000 | 00407nam a2200169Ia 4500 | ||
|---|---|---|---|
| 008 | 230917s9999||||xx |||||||||||||| ||und|| | ||
| 020 | _cRS9 | ||
| 040 |
_e34010 _aMAIN |
||
| 041 | _aEnglish | ||
| 082 | _a005.43 S32O | ||
| 100 | _aSilberschatz, Abraham | ||
| 245 | 0 | _aOperating systems computers | |
| 250 | _a5th ed. | ||
| 260 |
_aNew York _bJohn Wiley _c2000 |
||
| 300 | _axvii, 885 p. | ||
| 942 | _cBK | ||
| 999 |
_c106793 _d106793 |
||